000 00896nas a2200277 4500
001 BR9204074
003 BR-BrBNA
005 20231205092702.0
007 ta
008 230509b bl.|||p| |||| 00| 00por d
040 _aBR-BrBNA
_bpor
_cBiblioteca Nacional de Agricultura
041 _a(Pt)
072 _aF03
100 1 _aGodoy, J.R.
100 1 _aCrocomo, W.B.
100 1 _aNakagawa, J.
100 1 _aWilcken, C.F.
245 1 _aEfeito do armazenamento sobre a qualidade fisiologica de sementes tratadas com inseticidas sistemicos
246 1 _aEffect of storage on physiological quality of seeds treated with sistemic insecticides
650 _aSEMENTE
650 _aINSETICIDA SISTEMICO
650 _aARMAZENAMENTO
773 0 _tCientifica (Brazil)
_xISSN 0100-0039
_g(1990), v. 18(1) p. 81-93
_wBR9204074
909 _a202311
_bLúcia
_c55
_dLúcia Elande
942 _2AGRIS
_n0
_cANA
999 _c133402
_d133402